Online Catalogue and eLibrary

A short history of Sinhalese literature : (Record no. 3390)

MARC details
000 -LEADER
fixed length control field 00449nam a2200157Ia 4500
005 - DATE AND TIME OF LATEST TRANSACTION
control field 20241218045629.0
008 - FIXED-LENGTH DATA ELEMENTS--GENERAL INFORMATION
fixed length control field 240331s9999 xx 000 0 und d
082 ## - DDC Classification
Item Number - Author Mark PIN
Class No. 891
100 ## - MAIN ENTRY--PERSONAL NAME
Personal name Pinto, N
245 #2 - TITLE STATEMENT
Title A short history of Sinhalese literature :
Remainder of title from the earliest times to the present day
260 ## - PUBLICATION, DISTRIBUTION, ETC.
Place of publication, distribution, etc. Colombo
Name of publisher, distributor, etc. M.D. Gunasena & Co. Ltd
Date of publication, distribution, etc. 1954
300 ## - PHYSICAL DESCRIPTION
Extent (e.g. Volumes, Pages etc.) x, 78 p .,
650 ## - SUBJECT ADDED ENTRY--TOPICAL TERM
Topical term or geographic name entry element History
650 ## - SUBJECT ADDED ENTRY--TOPICAL TERM
Topical term or geographic name entry element Sinhalese Literature
942 ## - Koha item type (Biblio)
Koha item type Books in Stacks (Lending)
Holdings
Lost status Damaged status Collection code Home library Current library Shelving location Date acquired Full call number Accession Number Item type
    Lending WERC Library WERC Library Social Science Cupboard 03/31/2024 891.48 PIN 186 Books in Stacks (Lending)

© WERC Library